[Event "Sharjah Rapid op 27th"]
[Site "Sharjah"]
[Date "2022.04.07"]
[Round "9"]
[White "Ainikkal, Shaheen"]
[Black "Ghnatios, Ralph"]
[Result "1-0"]
[WhiteElo "1315"]
[BlackElo "1805"]
[PlyCount "80"]
[EventDate "2022.04.06"]
[EventType "swiss (rapid)"]
[EventRounds "9"]
[EventCountry "UAE"]
[SourceTitle "CBM 207 Extra"]
[Source "ChessBase"]
[SourceDate "2022.05.31"]
[SourceVersion "1"]
[SourceVersionDate "2022.05.31"]
[SourceQuality "1"]

1. e4 c5 2. Nf3 g6 3. g3 Bg7 4. Bg2 Nc6 5. 0-0 Nf6 6. d3 0-0 7. Re1 d6 8. Nbd2 Rb8 9. e5 dxe5 10. Nxe5 Nxe5 11. Rxe5 Ng4 12. Re1 Bd4 13. Rf1 Qc7 14. Nb3 Bg7 15. h3 Nf6 16. Re1 Rd8 17. Bf4 Rd6 18. Qe2 Be6 19. Nd2 Nh5 20. Bxd6 exd6 21. c3 d5 22. Nf3 Re8 23. Qd2 h6 24. d4 c4 25. Ne5 Qc8 26. Kh2 Kh7 27. Qc2 Bf5 28. Qa4 f6 29. Nf3 Be4 30. Nd2 Qb8 31. Nxe4 dxe4 32. Rxe4 Rf8 33. Qd7 f5 34. Re7 f4 35. Qc7 fxg3+ 36. fxg3 Qxc7 37. Rxc7 Rf2 38. Rxb7 Nf6 39. Re1 g5 40. Ree7 Nh5 1-0